Ampelografia Slovenska

Uloženo v:
Podrobná bibliografie
Hlavní autoři: Pospíšilová, Dorota (Autor), Sekera, Daniel (Autor), Ruman, Tibor (Autor)
Médium: Kniha
Jazyk:slovenština
Vydáno: Bratislava : Výskumná a šľachtiteľská stanica vinárska a vinohradnícka Modra, 2005
Vydání:1. vyd.
Témata:
ISBN:8096935097
On-line přístup: Získat plný text
Tagy: Přidat tag
Žádné tagy, Buďte první, kdo vytvoří štítek k tomuto záznamu!

MARC

LEADER 00000nam a2200000 4500
003 SK-BrCVT
005 20230525124426.0
008 221214c2005 xo slo
020 |a 8096935097 
035 |a CVTIDW0024387 
040 |a CVTISR  |c CVTISR  |e AACR2 
041 |a slo 
044 |a xo  |c SK 
100 1 |a Pospíšilová, Dorota  |4 aut 
245 1 |a Ampelografia Slovenska  |c Autori: Dorota Pospíšilová, Daniel Sekera, Tibor Ruman 
250 |a 1. vyd. 
260 1 |a Bratislava :  |b Výskumná a šľachtiteľská stanica vinárska a vinohradnícka Modra,  |c 2005 
300 |a 368 s. 
655 4 |a odborné publikácie  |9 34859 
700 1 |a Sekera, Daniel  |4 aut  |g doplnená zodpovednosť 
700 1 |a Ruman, Tibor  |4 aut  |g doplnená zodpovednosť 
910 |a 10969  |b P070961 
919 |a 80-96-9350-9-7 
974 |a cvti cvti  |f Knihy neprofilové  |b cvti cvti 
992 |a AMG 
997 |h WINISIS 
999 |c 288854  |d 288854